000 00377nam a2200157Ia 4500
008 230524s9999 xx 000 0 und d
082 _a174.4
_bBAL
100 _aB.Balaji
245 0 _aServices Marketing and Management
250 _a2ND
260 _aNEW DELHI
_bS.Chand
_c2009
300 _aXII;436
500 _aQuantity Number: 4
650 _aManagement
942 _cBK
999 _c45089
_d45089